| 000 | 00604nam a22001817a 4500 | ||
|---|---|---|---|
| 005 | 20251108165326.0 | ||
| 008 | 250721s1995 xx 000 0 ara d | ||
| 082 | 1 | 4 | _a635.8/احم |
| 100 | 1 | _aأحمد، محمد علي | |
| 245 | 1 | 0 | _aالتدريبات العملية على زراعة عيش الغراب / |
| 264 | 1 |
_aالقاهرة : _bالدار العربية للنشر و التوزيع، _c1995. |
|
| 300 | _a110ص | ||
| 490 | 0 | _aموسوعة عيش الغراب العلمية ؛ 4 | |
| 650 | 1 | 7 | _aعيش الغراب |
| 650 | 1 | 7 | _aالفطريات |
| 942 |
_2ddc _cBK |
||
| 999 |
_c25138 _d25138 |
||